000
00321 a2200145 4500
001
169572
020
_a
040
_c
Magnum
100
_a
Bellon, Francisco Menchen
240
1
0
_a
La creatividad en la educacion
_l
por
245
1
0
_a
La creatividad en la educacion
362
0
_a
1899
697
_a
ENSINO
942
_c
BK
999
_c
169572
_d
169572